[Event "20th NATO Chess Ch"]
[Site "?"]
[Date "2009.06.19"]
[Round "7.14"]
[White "Bonnelykke, Ole"]
[Black "Skindzier, Saturnin"]
[Result "1-0"]
[WhiteElo "2101"]
[BlackElo "2186"]
[PlyCount "57"]
[SourceDate "2000.01.03"]

1. e4 c5 2. Nc3 Nc6 3. g4 e6 4. Bg2 h5 5. gxh5 Qg5 6. Bf3 Nf6 7. d3 Qh4 8. Be3
Nxh5 9. Qd2 Qd8 10. Nge2 e5 11. O-O-O d6 12. Ng3 Nf6 13. Nd5 Be6 14. c3 Qa5 15.
Kb1 O-O-O 16. Bg2 Ng4 17. f4 g6 18. f5 Nxe3 19. Qxe3 Bxd5 20. exd5 Ne7 21. f6
Ng8 22. Ne4 Rh4 23. Qg3 Rxe4 24. dxe4 Nxf6 25. Rhf1 Be7 26. Qh4 g5 27. Qh6 Ng4
28. Qh3 f5 29. Rxf5 1-0

[Event "20th NATO Chess Ch"]
[Site "?"]
[Date "2009.06.19"]
[Round "7.15"]
[White "Van Rijn, Wouter"]
[Black "Serralta, Michael"]
[Result "1-0"]
[WhiteElo "2161"]
[BlackElo "2125"]
[PlyCount "115"]
[SourceDate "2000.01.03"]

1. e4 c5 2. Nf3 Nc6 3. d4 cxd4 4. Nxd4 Nf6 5. Nc3 d6 6. Be2 e5 7. Nb3 Be7 8.
O-O O-O 9. Be3 a5 10. Bf3 a4 11. Nd2 Nd4 12. Bxd4 exd4 13. Ne2 d5 14. exd5 Bc5
15. Ne4 Nxe4 16. Bxe4 Re8 17. Qd3 Qh4 18. Bf3 b6 19. Rad1 Ba6 20. Qd2 Rad8 21.
Rfe1 Bc4 22. Nf4 Re3 23. g3 Qf6 24. fxe3 dxe3 25. Rxe3 g5 26. Nd3 Bxd3 27. cxd3
Qd4 28. Rde1 Re8 29. d6 Rxe3 30. Rxe3 Qxe3+ 31. Qxe3 Bxe3+ 32. Kg2 Kf8 33. Bc6
a3 34. bxa3 Bc5 35. d7 Ke7 36. a4 g4 37. Be4 h5 38. Bf5 Bd6 39. h3 gxh3+ 40.
Kxh3 Bc7 41. Kh4 Kf6 42. Bh3 Kg6 43. Bg2 Bd8+ 44. Kh3 Kg5 45. Bf3 Kg6 46. Kg2
h4 47. gxh4 Bxh4 48. Bc6 Bd8 49. Kf3 Kf5 50. Bd5 Kf6 51. Ke4 Be7 52. Bb3 Bd8
53. Kd5 Ke7 54. Kc6 f6 55. d4 f5 56. d5 f4 57. d6+ Kf6 58. Kb7 1-0

[Event "20th NATO Chess Ch"]
[Site "?"]
[Date "2009.06.19"]
[Round "7.16"]
[White "Silva, Jose Luis"]
[Black "Gooris, Jan"]
[Result "1-0"]
[WhiteElo "2159"]
[BlackElo "2132"]
[PlyCount "120"]
[SourceDate "2000.01.03"]

1. d4 g6 2. e4 Bg7 3. Nc3 d6 4. Bg5 Nd7 5. Qd2 c5 6. Nf3 cxd4 7. Nxd4 Qa5 8.
Be2 Ngf6 9. O-O-O O-O 10. Nb3 Qc7 11. h4 Nc5 12. Bxf6 Nxb3+ 13. axb3 exf6 14.
Qxd6 Qa5 15. Kb1 Be6 16. b4 Qe5 17. f4 Qxd6 18. Rxd6 Rfd8 19. Rhd1 Rxd6 20.
Rxd6 Bf8 21. Rd4 Rc8 22. f5 gxf5 23. exf5 Bxf5 24. Bg4 Bxg4 25. Rxg4+ Kh8 26.
Nd5 Rc6 27. b5 Re6 28. Rf4 Bd6 29. Rxf6 Rxf6 30. Nxf6 Be7 31. Ne4 Kg7 32. c4 b6
33. Kc2 Kg6 34. Kd3 Kf5 35. Ke3 h6 36. Kf3 Ke5 37. g4 Bxh4 38. Ke3 Be7 39. Ng3
Bg5+ 40. Kf3 Kd4 41. b3 Kc3 42. Ke4 Kxb3 43. Kd3 Kb4 44. Nf5 Kc5 45. Nd4 Kd6
46. Ke4 Bc1 47. Nf5+ Ke6 48. Nd4+ Kf6 49. Nc6 Kg5 50. Kf3 Ba3 51. Nxa7 h5 52.
gxh5 Kxh5 53. Nc6 Kg5 54. Ne5 Bc5 55. Nxf7+ Kf6 56. Nd8 Ke7 57. Nc6+ Kd7 58.
Ke4 Kc7 59. Kd5 Bg1 60. Nb4 Be3 1-0

[Event "20th NATO Chess Ch"]
[Site "?"]
[Date "2009.06.19"]
[Round "7.17"]
[White "Mottais, Francois"]
[Black "Mestek, Igor"]
[Result "0-1"]
[WhiteElo "2054"]
[BlackElo "2158"]
[PlyCount "76"]
[SourceDate "2000.01.03"]

1. d4 d5 2. c4 Nc6 3. Nc3 e5 4. cxd5 Nxd4 5. e3 Nf5 6. e4 Nd6 7. Nf3 f6 8. Be3
a6 9. Bd3 Bd7 10. a4 g6 11. Qd2 Bg7 12. h4 h5 13. Ng1 Nh6 14. f3 Nhf7 15. Nh3
Qe7 16. b4 O-O 17. Nf2 f5 18. g4 hxg4 19. fxg4 f4 20. Bc5 g5 21. hxg5 Nxg5 22.
Be2 Qf6 23. O-O-O Be8 24. Rde1 Bg6 25. Bd1 b6 26. Bxd6 cxd6 27. Nh3 Rfc8 28.
Kb2 Rc4 29. Nxg5 Qxg5 30. Ka3 Rac8 31. Rh3 Qe7 32. Bb3 Rd4 33. Rd3 f3 34. Qe3
a5 35. b5 Qc7 36. Kb2 f2 37. Rf1 Qc5 38. Rxf2 Rxd3 0-1

[Event "20th NATO Chess Ch"]
[Site "?"]
[Date "2009.06.19"]
[Round "7.18"]
[White "Rosenkilde, Alexander"]
[Black "Kartal, Koray"]
[Result "1-0"]
[WhiteElo "2138"]
[BlackElo "1958"]
[PlyCount "63"]
[SourceDate "2000.01.03"]

1. d4 Nf6 2. c4 e6 3. g3 d5 4. Bg2 Be7 5. Nf3 O-O 6. O-O dxc4 7. Qc2 a6 8. Qxc4
b5 9. Qc2 Bb7 10. Bd2 Nbd7 11. Ba5 Bd6 12. Nbd2 Qc8 13. b4 e5 14. Rac1 Ne8 15.
Nb3 exd4 16. Nc5 Bxc5 17. bxc5 Bxf3 18. Bxf3 c6 19. Qe4 Nef6 20. Qxd4 Re8 21.
Bc3 Ne5 22. Bg2 Qe6 23. Qd6 Rac8 24. Qxe6 Rxe6 25. Bh3 Rce8 26. Bxe6 Rxe6 27.
Rfd1 h6 28. Rd6 Nfd7 29. Rxe6 fxe6 30. Rd1 Kf7 31. f4 Nxc5 32. Bxe5 1-0

[Event "20th NATO Chess Ch"]
[Site "?"]
[Date "2009.06.19"]
[Round "7.19"]
[White "Schott, Guido"]
[Black "Eriksson, Christian"]
[Result "1/2-1/2"]
[WhiteElo "2196"]
[BlackElo "2122"]
[PlyCount "37"]
[SourceDate "2000.01.03"]

1. e4 c5 2. Nc3 Nc6 3. f4 g6 4. Nf3 Bg7 5. Bb5 Nd4 6. O-O Nxb5 7. Nxb5 d6 8. d3
a6 9. Nc3 Rb8 10. Bd2 b5 11. Qe2 Nh6 12. f5 b4 13. Nd5 O-O 14. h3 e6 15. f6
exd5 16. fxg7 Kxg7 17. Qe3 Ng8 18. exd5 Rb7 19. Qf2 1/2-1/2

[Event "20th NATO Chess Ch"]
[Site "?"]
[Date "2009.06.19"]
[Round "7.20"]
[White "Garret, Pieta"]
[Black "Pedersen, Lars Erik"]
[Result "0-1"]
[WhiteElo "2326"]
[BlackElo "2049"]
[PlyCount "48"]
[SourceDate "2000.01.03"]

1. d4 d5 2. c4 e6 3. Nc3 c5 4. cxd5 exd5 5. Nf3 Nc6 6. g3 Nf6 7. Bg2 Be7 8. O-O
O-O 9. Bg5 cxd4 10. Nxd4 h6 11. Be3 Re8 12. Qb3 Na5 13. Qb5 a6 14. Qd3 Nc4 15.
Nxd5 Nxd5 16. Qxc4 Nxe3 17. fxe3 Bf6 18. Bd5 Rxe3 19. Bxf7+ Kh8 20. Nc2 Re5 21.
e3 Bh3 22. Rfd1 Qe7 23. Kf2 Rc8 24. Qf4 Rf5 0-1

[Event "20th NATO Chess Ch"]
[Site "?"]
[Date "2009.06.19"]
[Round "7.21"]
[White "Kilic, Mehmet"]
[Black "Giua, Fréderic"]
[Result "0-1"]
[WhiteElo "2096"]
[BlackElo "2223"]
[PlyCount "48"]
[SourceDate "2000.01.03"]

1. d4 Nf6 2. Bg5 e6 3. e4 h6 4. Bxf6 Qxf6 5. Nf3 d6 6. Nc3 g5 7. Bd3 Bg7 8. e5
dxe5 9. dxe5 Qe7 10. Qe2 Nc6 11. Qe4 Bd7 12. O-O O-O-O 13. Rfe1 h5 14. b4 g4
15. b5 gxf3 16. bxc6 Bxc6 17. Qe3 Qa3 18. Nb5 Bxb5 19. Bxb5 Qxe3 20. Rxe3 fxg2
21. Bd3 Rd5 22. f4 Bh6 23. Re4 Rg8 24. h3 Bf8 0-1

[Event "20th NATO Chess Ch"]
[Site "?"]
[Date "2009.06.19"]
[Round "7.24"]
[White "Parisse, Denis"]
[Black "De Waard, Marco"]
[Result "0-1"]
[WhiteElo "1960"]
[BlackElo "2160"]
[PlyCount "48"]
[SourceDate "2000.01.03"]

1. e4 c5 2. f4 g6 3. Nf3 Bg7 4. Bc4 e6 5. d3 Ne7 6. O-O d5 7. Bb3 O-O 8. c3
Nbc6 9. Na3 b6 10. Nc2 Ba6 11. Re1 dxe4 12. dxe4 c4 13. Qe2 cxb3 14. Qxa6 bxc2
15. Be3 Qd7 16. Qe2 Rfd8 17. Qxc2 Qd3 18. Qf2 Qb5 19. g4 Rd7 20. Re2 Rad8 21.
Rae1 Rd1 22. Kf1 Rxe1+ 23. Qxe1 Qa4 24. b3 Qxe4 0-1

[Event "20th NATO Chess Ch"]
[Site "?"]
[Date "2009.06.19"]
[Round "7.25"]
[White "L'Henoret, Thierry"]
[Black "Ivoskaite, Diana"]
[Result "1-0"]
[WhiteElo "2158"]
[BlackElo "2056"]
[PlyCount "51"]
[SourceDate "2000.01.03"]

1. d4 d5 2. Nf3 c6 3. e3 Nf6 4. c4 e6 5. Nc3 Be7 6. Bd3 dxc4 7. Bxc4 b5 8. Bd3
a6 9. a3 Nbd7 10. b4 a5 11. Rb1 axb4 12. axb4 Nd5 13. Nxd5 exd5 14. O-O Nb6 15.
Ne5 Qd6 16. e4 Nc4 17. Bf4 Qf6 18. Qf3 Ra3 19. exd5 Nxe5 20. dxe5 Qh4 21. d6
Bd8 22. Bg3 Qd4 23. Rfd1 Bd7 24. e6 fxe6 25. Bg6+ hxg6 26. Qxa3 1-0

[Event "20th NATO Chess Ch"]
[Site "?"]
[Date "2009.06.19"]
[Round "7.26"]
[White "Cimer, Stefan"]
[Black "Tezcan, Emre"]
[Result "1/2-1/2"]
[WhiteElo "2150"]
[BlackElo "2039"]
[PlyCount "104"]
[SourceDate "2000.01.03"]

1. d4 Nf6 2. Nf3 g6 3. c4 Bg7 4. Nc3 O-O 5. e4 d6 6. Be2 e5 7. O-O Nc6 8. d5
Ne7 9. Ne1 Nd7 10. f3 f5 11. g4 Nf6 12. Ng2 f4 13. h4 Bd7 14. Bd2 a5 15. b3 Kh8
16. a3 c6 17. Be1 Rc8 18. Kh1 c5 19. Qb1 Rb8 20. Qd3 h5 21. g5 Nh7 22. Bf2 Nc8
23. Rg1 Be8 24. Ne1 Rf7 25. Nc2 b6 26. Qd1 Rfb7 27. Qf1 Nf8 28. a4 Nh7 29. Na3
Bf8 30. Nab5 Rg7 31. Qg2 Rbb7 32. Qh2 Be7 33. Bf1 Bd7 34. Bh3 Bxh3 35. Qxh3 Qd7
36. Qxd7 Rxd7 37. Be1 Kg8 38. Rg2 Kf7 39. Kg1 Ke8 40. Kf1 Bd8 41. Ke2 Rdf7 42.
Bd2 Kd7 43. Rf1 Be7 44. Rfg1 Nf8 45. Rf1 Kd8 46. Rfg1 Nd7 47. Rf1 Nb8 48. Nd1
Na6 49. Rfg1 Kd7 50. Nb2 Bd8 51. Bc3 Bc7 52. Re1 Bb8 1/2-1/2

[Event "20th NATO Chess Ch"]
[Site "?"]
[Date "2009.06.19"]
[Round "7.27"]
[White "Donati, Roberto"]
[Black "Onley, David"]
[Result "1/2-1/2"]
[WhiteElo "2149"]
[BlackElo "1952"]
[PlyCount "105"]
[SourceDate "2000.01.03"]

1. d4 Nf6 2. Nf3 g6 3. b3 Bg7 4. Bb2 O-O 5. Nbd2 d5 6. e3 a5 7. a3 Nbd7 8. c4
c5 9. Be2 cxd4 10. Nxd4 Nc5 11. O-O Nfe4 12. cxd5 Bxd4 13. exd4 Nxd2 14. dxc5
Nxf1 15. Bxf1 f6 16. Bc4 Kg7 17. Qd4 b6 18. cxb6 Rb8 19. Bc3 Qxb6 20. Qxb6 Rxb6
21. Bxa5 Rb7 22. Re1 Bf5 23. Bb4 Re8 24. d6 e5 25. Bc5 Bd7 26. Bd5 Rbb8 27. b4
e4 28. h3 Re5 29. Rxe4 Rxe4 30. Bxe4 f5 31. Bd5 Kf6 32. Bd4+ Kg5 33. g3 f4 34.
Kg2 Re8 35. Bf3 h5 36. Bb7 Re4 37. Bc5 Re1 38. Bd4 Rd1 39. Be5 fxg3 40. fxg3
Rd3 41. Be4 Rxa3 42. Bd4 Rb3 43. Bc5 h4 44. gxh4+ Kf4 45. Bd5 Rb2+ 46. Kf1
Bxh3+ 47. Ke1 Bd7 48. Bf7 Kf5 49. h5 g5 50. Bg6+ Kf4 51. h6 Ke5 52. h7 Rh2 53.
Ba7 1/2-1/2

[Event "20th NATO Chess Ch"]
[Site "?"]
[Date "2009.06.19"]
[Round "7.28"]
[White "Nielsen, Terje"]
[Black "Franck, Boris"]
[Result "1-0"]
[WhiteElo "2022"]
[BlackElo "2122"]
[PlyCount "95"]
[SourceDate "2000.01.03"]

1. d4 Nf6 2. Nf3 g6 3. g3 b6 4. Bg2 Bb7 5. O-O Bg7 6. c4 O-O 7. Nc3 d6 8. Qc2
Nbd7 9. Rd1 Qe8 10. d5 a6 11. Nd4 Ne5 12. b3 c5 13. dxc6 Nxc6 14. Nf3 Nb4 15.
Qd2 Ne4 16. Nxe4 Bxa1 17. Neg5 Nc6 18. Nxh7 Bg7 19. Nxf8 Qxf8 20. Qf4 Nb4 21.
Ng5 Bxg2 22. Kxg2 Nxa2 23. Be3 b5 24. cxb5 axb5 25. h4 Nc3 26. Rd2 Qe8 27. Qf3
Ra1 28. Bd4 Bxd4 29. Rxd4 Rc1 30. Rd3 b4 31. h5 f6 32. Nh3 gxh5 33. Nf4 h4 34.
Qg4+ Kf8 35. Ne6+ Kf7 36. Qh5+ Kxe6 37. Qxe8 f5 38. gxh4 Nd5 39. Rxd5 Kxd5 40.
Qxe7 Rc3 41. Qf7+ Kc6 42. h5 f4 43. h6 f3+ 44. exf3 Kc5 45. h7 Kd4 46. h8=Q+
Kd3 47. Qhh7+ Kd2 48. Qf4+ 1-0

[Event "20th NATO Chess Ch"]
[Site "?"]
[Date "2009.06.19"]
[Round "7.30"]
[White "Erhan, Ersin"]
[Black "Delforge, Guy"]
[Result "0-1"]
[WhiteElo "1928"]
[BlackElo "2173"]
[PlyCount "76"]
[SourceDate "2000.01.03"]

1. d4 g6 2. Nf3 Bg7 3. e4 c6 4. Bd3 d5 5. e5 Bg4 6. Nbd2 e6 7. h3 Bxf3 8. Nxf3
c5 9. c3 Nc6 10. Be3 Nge7 11. O-O Nf5 12. Qd2 cxd4 13. cxd4 Nxe3 14. fxe3 O-O
15. Rac1 Bh6 16. a3 Qb6 17. Qe2 f6 18. exf6 Rxf6 19. Nh2 Rff8 20. Ng4 Bg7 21.
b4 Ne7 22. Rc5 Qd6 23. Rfc1 Rac8 24. Qe1 Rxc5 25. Rxc5 Rc8 26. Qh4 Rf8 27. Qg5
Nf5 28. Bxf5 exf5 29. Nf2 Bf6 30. Qh6 b6 31. Rc2 Qg3 32. Nh1 Qd6 33. Kf2 Qe7
34. Qf4 Bg5 35. Qf3 Qe6 36. Rc7 Re8 37. Rc3 f4 38. exf4 Qe1# 0-1

[Event "20th NATO Chess Ch"]
[Site "?"]
[Date "2009.06.19"]
[Round "7.31"]
[White "Geroly, Jozsef"]
[Black "Kersic, Matej"]
[Result "0-1"]
[WhiteElo "1978"]
[BlackElo "2142"]
[PlyCount "94"]
[SourceDate "2000.01.03"]

1. Nf3 d5 2. g3 Nf6 3. Bg2 c6 4. d4 h6 5. O-O Bf5 6. c4 e6 7. Nc3 Nbd7 8. cxd5
exd5 9. Re1 Be7 10. Ne5 O-O 11. Nd3 Qb6 12. e3 Rfe8 13. a3 a5 14. Na4 Qa7 15.
Nc3 b5 16. h3 Bd6 17. Kh2 Qc7 18. f4 b4 19. Na4 Ne4 20. Bxe4 Bxe4 21. Nac5 bxa3
22. bxa3 Bxd3 23. Nxd3 Nb6 24. Nb2 c5 25. dxc5 Qxc5 26. Bd2 Rec8 27. Na4 Nxa4
28. Qxa4 Qc2 29. Qxc2 Rxc2 30. Red1 Rb8 31. Kg1 Rbb2 32. Bxa5 Bc5 33. Rd3 Rg2+
34. Kh1 Rh2+ 35. Kg1 Rbg2+ 36. Kf1 Rxg3 37. Rd2 Rhxh3 38. Rxd5 Bxe3 39. Be1
Rg1+ 40. Ke2 Bxf4 41. Rd3 Rxd3 42. Kxd3 Bg3 43. Ke2 Rxe1+ 44. Rxe1 Bxe1 45.
Kxe1 Kf8 46. a4 Ke8 47. Kd2 Kd8 0-1

[Event "20th NATO Chess Ch"]
[Site "?"]
[Date "2009.06.19"]
[Round "7.32"]
[White "Barta, Csaba"]
[Black "Toll, Alec"]
[Result "1/2-1/2"]
[WhiteElo "1903"]
[BlackElo "2084"]
[PlyCount "74"]
[SourceDate "2000.01.03"]

1. Nf3 f5 2. d4 Nf6 3. Bg5 e6 4. Nbd2 Be7 5. Bxf6 Bxf6 6. e4 fxe4 7. Nxe4 b6 8.
c3 Bb7 9. Bd3 Nc6 10. Qc2 Qe7 11. O-O-O O-O-O 12. Rhe1 Rde8 13. Kb1 Kb8 14.
Nfd2 Qf7 15. Nxf6 gxf6 16. Be4 d5 17. Bd3 e5 18. Nb3 e4 19. Bf1 f5 20. f4 h5
21. Qf2 Qe7 22. Re3 h4 23. Na1 Reg8 24. Nc2 Nd8 25. g3 Nf7 26. Be2 Nd6 27. Bf1
Bc6 28. Nb4 Bb7 29. Nc2 Qh7 30. h3 hxg3 31. Rxg3 Rxg3 32. Qxg3 Rg8 33. Qh2 c6
34. Ne3 a5 35. Rd2 Ka7 36. b3 Qg7 37. Rg2 Qh7 1/2-1/2

[Event "20th NATO Chess Ch"]
[Site "?"]
[Date "2009.06.19"]
[Round "7.33"]
[White "Cheung, Jan"]
[Black "Nielsen, Henrik"]
[Result "1/2-1/2"]
[WhiteElo "2080"]
[BlackElo "2011"]
[PlyCount "54"]
[SourceDate "2000.01.03"]

1. d4 Nf6 2. c4 g6 3. Nc3 d5 4. cxd5 Nxd5 5. e4 Nxc3 6. bxc3 Bg7 7. Nf3 c5 8.
Rb1 Nc6 9. d5 Ne5 10. Nxe5 Bxe5 11. Bb5+ Bd7 12. Bxd7+ Qxd7 13. c4 O-O 14. O-O
f5 15. Bb2 Bxb2 16. Rxb2 fxe4 17. Qb1 e3 18. Rxb7 exf2+ 19. Rxf2 Qg4 20. Rd2
Qf4 21. Qe1 Rf7 22. Qe2 Raf8 23. Rd1 Qh4 24. Qe6 Qf2+ 25. Kh1 Kh8 26. Qe5+ Kg8
27. Qe6 Kh8 1/2-1/2

[Event "20th NATO Chess Ch"]
[Site "?"]
[Date "2009.06.19"]
[Round "7.34"]
[White "Christen, Pierre"]
[Black "Mankauskas, Donatas"]
[Result "1-0"]
[WhiteElo "2024"]
[BlackElo "1950"]
[PlyCount "71"]
[SourceDate "2000.01.03"]

1. Nf3 d5 2. c4 d4 3. c5 Nc6 4. e3 e5 5. Bb5 Bd7 6. b4 e4 7. Bxc6 bxc6 8. Nxd4
Qg5 9. Kf1 a5 10. Qa4 Nf6 11. Nc3 Qh4 12. h3 Nh5 13. Ba3 Be7 14. Nf5 Qf6 15.
Nxe7 Ng3+ 16. Kg1 Nxh1 17. Kxh1 Qxe7 18. bxa5 f5 19. Rb1 O-O 20. Rb7 Bc8 21.
Rb1 Qd7 22. Bb4 Ba6 23. a3 Qxd2 24. Nxe4 Qd3 25. Nd2 Qe2 26. Kg1 f4 27. e4 Rfd8
28. Qxc6 Rab8 29. Nf3 Rd1+ 30. Rxd1 Qxd1+ 31. Kh2 Qe2 32. Qxc7 Rc8 33. Qd6 Bc4
34. Qd4 Re8 35. Ng5 h6 36. Bc3 1-0

[Event "20th NATO Chess Ch"]
[Site "?"]
[Date "2009.06.19"]
[Round "7.35"]
[White "Cappon, Kaan"]
[Black "Barquin, Benjamnin"]
[Result "0-1"]
[WhiteElo "1877"]
[BlackElo "2019"]
[PlyCount "80"]
[SourceDate "2000.01.03"]

1. e4 e6 2. d4 b6 3. Nf3 Bb7 4. Nc3 Ne7 5. Bg5 h6 6. Bd2 d5 7. Bd3 dxe4 8. Nxe4
Nbc6 9. c3 Nd5 10. Bb5 a6 11. Ba4 b5 12. Bc2 Be7 13. O-O Nf6 14. Qe2 Qd5 15.
Nxf6+ Bxf6 16. Be4 Nxd4 17. Nxd4 Qxe4 18. Qxe4 Bxe4 19. Bf4 Rc8 20. Rfe1 Bd5
21. a4 b4 22. Be5 Bxe5 23. Rxe5 bxc3 24. bxc3 c5 25. Nf5 Kf8 26. c4 f6 27. Re3
exf5 28. cxd5 Kf7 29. Re6 Rhd8 30. Rxa6 Rxd5 31. Rb6 c4 32. Rb2 c3 33. Rc2 Rd2
34. Rac1 Rxc2 35. Rxc2 Ke6 36. Kf1 Kd5 37. Ke2 Kc4 38. Kd1 Ra8 39. Ra2 Kb3 40.
Ra1 Kb2 0-1

[Event "20th NATO Chess Ch"]
[Site "?"]
[Date "2009.06.19"]
[Round "7.36"]
[White "Harwood, Duncan"]
[Black "Adkins, James"]
[Result "0-1"]
[WhiteElo "1800"]
[BlackElo "2015"]
[PlyCount "116"]
[SourceDate "2000.01.03"]

1. e4 c5 2. Nf3 d6 3. d4 cxd4 4. Nxd4 Nf6 5. Nc3 g6 6. Be3 Bg7 7. f3 O-O 8. Qd2
Nc6 9. Bc4 a6 10. O-O-O Nxd4 11. Bxd4 b5 12. Bb3 Rb8 13. Nd5 Ne8 14. Qg5 Rb7
15. h4 h6 16. Qe3 e6 17. Bxg7 Kxg7 18. Qd4+ e5 19. Qd2 Be6 20. h5 g5 21. Ne3
Qf6 22. Rdf1 Kh7 23. g3 Qe7 24. Rd1 Rd7 25. Rh2 Nf6 26. Qd3 Rc8 27. Kb1 Rc5 28.
Bd5 Qd8 29. Rf1 Qg8 30. f4 Qg7 31. Qb3 Bxd5 32. exd5 gxf4 33. gxf4 e4 34. Rg2
Qh8 35. Qb4 Re7 36. Qd4 Nxd5 37. Qxh8+ Kxh8 38. Nf5 Nc3+ 39. bxc3 Rxf5 40. Rfg1
Re8 41. Rg4 e3 42. Kc1 Rxh5 43. Kd1 Rd5+ 44. Ke1 e2 45. Kf2 Rd2 46. Re1 Rxc2
47. Rh4 Kh7 48. f5 Re5 49. Rh5 Rxa2 50. Kf3 Ra3 51. Kf4 Rxc3 52. Reh1 Rc4+ 53.
Kf3 e1=Q 54. Rxh6+ Kg8 55. Rh8+ Kg7 56. R8h7+ Kf6 57. R1h6+ Ke7 58. f6+ Ke6 0-1

[Event "20th NATO Chess Ch"]
[Site "?"]
[Date "2009.06.19"]
[Round "7.38"]
[White "Hunter, Terry"]
[Black "Wagenaar, Harm Theo"]
[Result "0-1"]
[WhiteElo "1692"]
[BlackElo "2070"]
[PlyCount "108"]
[SourceDate "2000.01.03"]

1. e4 c5 2. Nf3 e6 3. d4 cxd4 4. Nxd4 a6 5. Be2 Qc7 6. c3 Nf6 7. Bf3 Nc6 8.
Nxc6 dxc6 9. Bg5 Be7 10. Qd2 O-O 11. Bf4 e5 12. Be3 Be6 13. b3 b5 14. O-O c5
15. Qe2 c4 16. b4 a5 17. Qb2 Bd7 18. a3 Bc6 19. Nd2 Qb7 20. Qc2 Rfd8 21. Rfb1
axb4 22. axb4 Rxa1 23. Rxa1 Ra8 24. Rxa8+ Qxa8 25. Kf1 h6 26. g3 g5 27. g4 Nd7
28. Be2 Nf8 29. h4 Ne6 30. h5 Qa1+ 31. Kg2 Bd8 32. f3 Nf4+ 33. Bxf4 gxf4 34.
Nf1 Bc7 35. Qd2 Kf8 36. Bd1 Ke7 37. Ng3 Bd7 38. Nf1 Be6 39. Qc2 Bb6 40. Qd2 Ba7
41. Qc2 Qa6 42. Qd2 Qb6 43. Kh3 Kf6 44. Qg2 Qd6 45. Qd2 Qd3 46. Qxd3 cxd3 47.
Nd2 Be3 48. Nb1 Bc1 49. c4 bxc4 50. b5 Be3 51. Nc3 Bd4 52. Nd5+ Bxd5 53. exd5
Bc5 54. Kg2 c3 0-1

[Event "20th NATO Chess Ch"]
[Site "?"]
[Date "2009.06.19"]
[Round "7.39"]
[White "Engelen, Johan"]
[Black "Stuhr, Finn"]
[Result "1-0"]
[WhiteElo "1981"]
[BlackElo "1665"]
[PlyCount "83"]
[SourceDate "2000.01.03"]

1. c4 g6 2. g3 Bg7 3. Bg2 e6 4. Nc3 Ne7 5. e4 Nbc6 6. Nge2 b6 7. O-O Bb7 8. d4
d6 9. Be3 Qd7 10. Qd2 O-O-O 11. d5 Ne5 12. b3 Ng4 13. Bh3 Nxe3 14. fxe3 f5 15.
Nd4 exd5 16. exd5 Bxd4 17. Qxd4 Kb8 18. e4 Rhf8 19. Rae1 Bc8 20. e5 dxe5 21.
Qxe5 Rfe8 22. Qf4 Qd6 23. Qf3 Qc5+ 24. Kh1 Ng8 25. Bg2 Bb7 26. Qf4 Nf6 27. h3
a6 28. Na4 Qb4 29. Qc1 Nh5 30. Re3 b5 31. Nb2 bxc4 32. d6 Rxe3 33. dxc7+ Kxc7
34. Qxe3 Bxg2+ 35. Kxg2 Qd2+ 36. Qf2 c3 37. Nc4 Qd5+ 38. Kh2 Nf6 39. Qb6+ Kc8
40. Qxa6+ Kb8 41. Qb6+ Kc8 42. Qxf6 1-0

[Event "20th NATO Chess Ch"]
[Site "?"]
[Date "2009.06.19"]
[Round "7.40"]
[White "Ola, Nathaniel"]
[Black "Dekker, Ard"]
[Result "1/2-1/2"]
[WhiteElo "1975"]
[BlackElo "1880"]
[PlyCount "30"]
[SourceDate "2000.01.03"]

1. e4 c6 2. Nf3 d5 3. exd5 cxd5 4. Ne5 Nc6 5. Bb5 Bd7 6. Nxd7 Qxd7 7. O-O e6 8.
d4 a6 9. Be2 Nf6 10. Bf4 Bd6 11. Bxd6 Qxd6 12. h3 O-O 13. c3 b5 14. Nd2 b4 15.
Qa4 bxc3 1/2-1/2

[Event "20th NATO Chess Ch"]
[Site "?"]
[Date "2009.06.19"]
[Round "7.41"]
[White "Papler, Peter"]
[Black "Cuadrado, Lopez Francisco Jav"]
[Result "0-1"]
[WhiteElo "1500"]
[BlackElo "1941"]
[PlyCount "116"]
[SourceDate "2000.01.03"]

1. e4 d6 2. d4 Nf6 3. Nc3 g6 4. Bd3 Bg7 5. Nf3 O-O 6. Be3 Nc6 7. h3 e5 8. d5
Ne7 9. Qd2 Ne8 10. g4 f6 11. O-O-O a6 12. Rdg1 Rf7 13. Bh6 Bh8 14. Be3 Ng7 15.
h4 Bd7 16. h5 g5 17. Bxg5 fxg5 18. Nxg5 Rf4 19. Nh3 Rxg4 20. Rxg4 Bxg4 21. h6
Ng6 22. hxg7 Bxg7 23. Ng5 h6 24. Rg1 Qxg5 25. Qxg5 hxg5 26. Rxg4 Rf8 27. Nd1
Bh6 28. Kd2 Kh7 29. Ke1 Nf4 30. Bf1 Nh5 31. Ne3 Nf6 32. Rg1 Kg6 33. Bd3 Rf7 34.
f3 Nh5 35. Nf5 Nf4 36. Kd2 Bf8 37. Rh1 Rh7 38. Rxh7 Kxh7 39. Ke3 Kg6 40. Kf2
Kf7 41. Bf1 Kg6 42. Kg3 Nxd5 43. Bh3 Nb4 44. Ne3 Nc6 45. Nd5 Nd4 46. Nxc7 Be7
47. c3 Ne2+ 48. Kf2 Nf4 49. Bf5+ Kf6 50. Ke3 Bd8 51. Ne8+ Ke7 52. Ng7 Kf7 53.
Ne6 Nxe6 54. Bxe6+ Kxe6 55. c4 Bb6+ 56. Ke2 Bc5 57. a3 a5 58. Kf1 a4 0-1

[Event "20th NATO Chess Ch"]
[Site "?"]
[Date "2009.06.19"]
[Round "7.42"]
[White "Bublys, Vaidotas"]
[Black "Ulusoy, Mustafa"]
[Result "1/2-1/2"]
[WhiteElo "1930"]
[BlackElo "1737"]
[PlyCount "120"]
[SourceDate "2000.01.03"]

1. d4 g6 2. c4 Bg7 3. e4 d6 4. Nf3 Nd7 5. Be3 e5 6. Nc3 Ne7 7. Bd3 O-O 8. d5 f5
9. Bg5 Nf6 10. O-O Bd7 11. b4 f4 12. Nd2 h6 13. Bxf6 Rxf6 14. Be2 g5 15. a4 Ng6
16. Bg4 Qc8 17. h3 Bxg4 18. Qxg4 Qxg4 19. hxg4 Nh4 20. f3 Kh7 21. Kf2 Kg6 22.
Nb3 h5 23. gxh5+ Kxh5 24. Nd2 g4 25. g3 fxg3+ 26. Kxg3 Nxf3 27. Nxf3 gxf3 28.
Rxf3 Rxf3+ 29. Kxf3 Rf8+ 30. Ke2 Bh6 31. Rh1+ Kg6 32. Rh3 Rf4 33. Kd3 Kg5 34.
Nb5 Rf6 35. Re3 Kg4 36. Re1 Rf3+ 37. Kc2 Rf2+ 38. Kb1 Bd2 39. Rd1 Bxb4 40. Nxc7
Kf3 41. Ne6 Kxe4 42. c5 Bxc5 43. Nxc5+ dxc5 44. d6 Rf8 45. a5 Rd8 46. d7 Kf5
47. Rd6 e4 48. Rd5+ Ke6 49. Rxc5 Rxd7 50. a6 b6 51. Rc8 Ke7 52. Rc4 Rd1+ 53.
Kc2 Rd7 54. Rxe4+ Kd6 55. Kb3 Rc7 56. Rh4 Re7 57. Rh6+ Kc7 58. Kc4 Rd7 59. Rg6
Rd6 60. Rg7+ Rd7 1/2-1/2

[Event "20th NATO Chess Ch"]
[Site "?"]
[Date "2009.06.19"]
[Round "7.43"]
[White "Kocur, Marc"]
[Black "Le Fevre, Stphen"]
[Result "1/2-1/2"]
[WhiteElo "1919"]
[BlackElo "1864"]
[PlyCount "132"]
[SourceDate "2000.01.03"]

1. e4 c5 2. Nf3 d6 3. Bb5+ Nc6 4. Bxc6+ bxc6 5. d3 e5 6. h3 Be7 7. Nbd2 Nf6 8.
Nc4 h6 9. Bd2 a5 10. a4 Qc7 11. Qe2 Be6 12. b3 O-O 13. Bc3 Bxc4 14. dxc4 Nd7
15. g4 Rfd8 16. g5 hxg5 17. Rg1 Nf8 18. Nxg5 Bxg5 19. Rxg5 Ne6 20. Rg3 Qe7 21.
O-O-O Kf8 22. Qh5 Ke8 23. Bd2 Kd7 24. Qe2 Kc7 25. Qe1 Kb6 26. Qf1 Qf6 27. Kb1
g5 28. Qg1 Nf4 29. Bxf4 gxf4 30. Rg5 Rh8 31. Qg4 Rad8 32. Rf5 Qg6 33. Rg1 Qxg4
34. Rxg4 Rxh3 35. Rxf7 Rh2 36. Rgg7 Rb8 37. f3 Rf2 38. Rg6 Rxf3 39. Rxd6 Re3
40. Rff6 Rc8 41. Kb2 Rxe4 42. Rde6 Re3 43. Kc1 f3 44. Rf5 e4 45. Kb2 Re2 46.
Ree5 f2 47. b4 e3 48. Rxc5 Re1 49. Rxa5 f1=Q 50. Rxf1 Rxf1 51. Re5 Rf3 52. a5+
Kb7 53. Kc3 Rd8 54. Re7+ Kb8 55. Kb2 Rf4 56. Rxe3 Rxc4 57. c3 c5 58. Kb3 Rh4
59. b5 Rd1 60. Re8+ Kc7 61. b6+ Kb7 62. Re7+ Kc6 63. Rc7+ Kb5 64. b7 Rb1+ 65.
Kc2 Kxa5 66. Kxb1 Rh1+ 1/2-1/2

[Event "20th NATO Chess Ch"]
[Site "?"]
[Date "2009.06.19"]
[Round "7.44"]
[White "Van Dusen, Eric"]
[Black "Emmins, Karl"]
[Result "1-0"]
[WhiteElo "1881"]
[BlackElo "1616"]
[PlyCount "65"]
[SourceDate "2000.01.03"]

1. d4 Nf6 2. Nf3 g6 3. Nc3 Bg7 4. e4 d6 5. Be3 a6 6. Qd2 b5 7. Bd3 Nc6 8. h3
Nb4 9. Be2 Bb7 10. a3 Nc6 11. O-O O-O 12. Rad1 Qc8 13. Bh6 e6 14. e5 Nd7 15.
Qf4 dxe5 16. dxe5 Ndxe5 17. Ne4 f5 18. Bxg7 Nxf3+ 19. Bxf3 Kxg7 20. Nc5 e5 21.
Bxc6 exf4 22. Bxb7 Qe8 23. Bxa8 Qxa8 24. Ne6+ Kh6 25. Nxf8 Qxf8 26. Rd7 Qc5 27.
c3 Qc6 28. Rfd1 f3 29. R1d4 fxg2 30. Rh4+ Kg5 31. Rhxh7 Qe4 32. h4+ Kg4 33. Rd4
1-0